Περιφερειακά προβλήματα και παρεμβάσεις στην Ευρωπαική κοινότητα : η περίπτωση του Ευρωπαικού Ταμείου περιφερειακής ανάπτυξης
Αποθηκεύτηκε σε:
| Κύριος συγγραφέας: | |
|---|---|
| Μορφή: | Βιβλίο |
| Γλώσσα: | Greek |
| Δημοσίευση: |
Αθήνα :
Παπαζήσης,
1985
|
| Θέματα: | |
| Ετικέτες: |
Προσθήκη ετικέτας
Δεν υπάρχουν, Καταχωρήστε ετικέτα πρώτοι!
|
MARC
| LEADER | 00000nam a2200000 i 4500 | ||
|---|---|---|---|
| 001 | 1/44411 | ||
| 008 | 960223s1985 gre d | ||
| 035 | |l 10025963 | ||
| 040 | |a GR-MY-UA |b gre |e aacr | ||
| 041 | 0 | |a gre | |
| 082 | 0 | |a 338.94 | |
| 100 | 1 | |a Κούτρης, Ανδρέας Ν. | |
| 245 | 1 | 0 | |a Περιφερειακά προβλήματα και παρεμβάσεις στην Ευρωπαική κοινότητα : |b η περίπτωση του Ευρωπαικού Ταμείου περιφερειακής ανάπτυξης / |c Ανδρέας Ν.Κουτρής |
| 260 | |a Αθήνα : |b Παπαζήσης, |c 1985 | ||
| 300 | |a 124 σ. | ||
| 500 | |a Περιλ.βιβλιογραφία | ||
| 610 | 2 | 0 | |a European Economic Community. |
| 650 | 0 | 0 | |a Regional planning |z European Economic Community countries. |
| 650 | 0 | 0 | |a Economic development. |
| 852 | |a INST |b CHIOS |e 19960223 |h 338.94 KOY |p 005200000865 |q 005200000865 |t BK |y 0 | ||
| 909 | |a Χ |b 013822 | ||